Najludniejsze miasta w Polsce zawierające w nazwie "cie" - Statystyki

Ogólne statystyki
  • Ten quiz został rozwiązany 34 razy
  • Średni wynik to 3 z 10
Statystyki odpowiedzi
Miejsce Miasto % Poprawnych
2 Ciechanów
71%
4 Cieszyn
61%
1 Zawiercie
55%
8 Ciechocinek
42%
5 Świecie
42%
9 Ciechanowiec
19%
6 Kościerzyna
10%
3 Świnoujście
6%
7 Złocieniec
6%
10 Wojcieszów
0%
Nie znaleziono quizów pasujących do podanych kryteriów
Rozkład punktacji
Procent ludzi z każdym wynikiem
Percentyl według liczby udzielonych odpowiedzi
Twoja historia wyników
Nie rozwiązałeś tego quizu